000
00330 a2200109 4500
001
ART_38302
005
20260410161752.0
008
260409a
245
1
0
_a
FATCA. Una ley de Estados Unidos con impacto global
100
1
_a
Torassa, Marcos R.
773
0
_t
Doctrina tributaria
_g
- NÂș 408 (mar. 2014)
_w
REV4296
999
_c
19752
_d
19752